000 00879nam a2200217Ia 4500
999 _c35727
_d35727
001 1602
003 GE_BSU
005 20200120104108.0
008 181216s2002|||| |||||||||||||| ||geo||
020 _a9992818263
041 _ageo
080 _a658.56(075.8) ზ–44
100 _aზედგენიძე,ი.
_96230
245 _aხარისხის მენეჯმენტი :
_bსახელმძღვ. /
_cი. ზედგენიძე ; მ.ბალიაშვილი ; შ. ჯაფარიძე.
264 _aთბილისი :
_bინფორმაციის ცენტრი,
_c2002.
300 _a387 გვ .:
_c19 სმ.
653 _aხარისხის მენეჯმენტი
700 _aბალიაშვილი,მ.
_96231
700 _aჯაფარიძე,შ
_96232
942 _cBK
_2udc